[Event "SLO-chT"]
[Site "Slovenia"]
[Date "1994.??.??"]
[Round "?"]
[White "Klavcic, Klemen"]
[Black "Lampic, Gorazd"]
[Result "1-0"]
[WhiteElo "1980"]
[BlackElo "2040"]
[PlyCount "57"]
[EventDate "1994.??.??"]
[EventType "team"]
[EventRounds "7"]
[EventCountry "SLO"]
[SourceTitle "EXT 1998"]
[Source "ChessBase"]
[SourceDate "1997.11.17"]
[SourceVersion "1"]
[SourceVersionDate "1997.11.17"]
[SourceQuality "1"]

1. e4 c5 2. f4 Nc6 3. Nf3 d6 4. Bb5 Bd7 5. c3 Nf6 6. d3 g6 7. 0-0 Qb6 8. Na3 Bg7 9. h3 d5 10. exd5 Nxd5 11. Bc4 e6 12. Ng5 Nce7 13. Qe1 h6 14. Ne4 0-0-0 15. Qf2 Bc6 16. Nxc5 Nxc3 17. bxc3 Bxc3 18. Be3 Qa5 19. Bxe6+ fxe6 20. Nc4 Qc7 21. Rac1 Bf6 22. Nxe6 Qd7 23. Nxd8 Rxd8 24. Bxa7 Nd5 25. Ne5 Qc7 26. Bd4 Nxf4 27. Nxc6 bxc6 28. Bxf6 Nxd3 29. Bxd8 1-0

[Event "Ljubljana op 5th"]
[Site "Ljubljana"]
[Date "1994.??.??"]
[Round "?"]
[White "Lampic, Gorazd"]
[Black "Varga, Zoltan"]
[Result "0-1"]
[WhiteElo "2030"]
[BlackElo "2470"]
[PlyCount "89"]
[EventDate "1994.06.??"]
[EventType "swiss"]
[EventRounds "9"]
[EventCountry "SLO"]
[SourceTitle "TD"]
[Source "ChessBase"]
[SourceDate "1994.03.01"]
[SourceVersion "1"]
[SourceVersionDate "1994.03.01"]
[SourceQuality "1"]

1. d4 e6 2. c4 Bb4+ 3. Bd2 a5 4. a3 Be7 5. Nc3 d5 6. e3 Nf6 7. Nf3 0-0 8. c5 Nbd7 9. b4 c6 10. Be2 Qc7 11. 0-0 e5 12. dxe5 Nxe5 13. h3 Nxf3+ 14. Bxf3 Nd7 15. Ne2 Ne5 16. Nd4 axb4 17. axb4 Rxa1 18. Qxa1 b6 19. Be2 bxc5 20. bxc5 Bxc5 21. Rc1 Be7 22. f4 Nc4 23. Bxc4 dxc4 24. Rxc4 c5 25. Qc1 Qb7 26. Nf3 Bxh3 27. Qe1 Be6 28. Rc1 Bd5 29. Qg3 Ra8 30. Bc3 f6 31. Nh4 Ra2 32. Kh2 Be4 33. Qg4 Qc6 34. Rd1 g6 35. Qd7 Qxd7 36. Rxd7 Kf7 37. Kg3 Re2 38. Nf3 Rxe3 39. Ba5 Ke6 40. Rd1 Bxf3 41. gxf3 Ra3 42. Bd2 Kf5 43. Re1 Bd6 44. Re4 Rd3 45. Bc1 0-1

[Event "Ljubljana op 5th"]
[Site "Ljubljana"]
[Date "1994.??.??"]
[Round "?"]
[White "Potocnik, Primoz"]
[Black "Lampic, Gorazd"]
[Result "1-0"]
[WhiteElo "2225"]
[BlackElo "2025"]
[PlyCount "45"]
[EventDate "1994.06.??"]
[EventType "swiss"]
[EventRounds "9"]
[EventCountry "SLO"]
[SourceTitle "TD"]
[Source "ChessBase"]
[SourceDate "1994.03.01"]
[SourceVersion "1"]
[SourceVersionDate "1994.03.01"]
[SourceQuality "1"]

1. d4 d5 2. c4 dxc4 3. Nf3 Nf6 4. e3 e6 5. Bxc4 c5 6. 0-0 a6 7. a4 Nc6 8. Qe2 cxd4 9. Rd1 Be7 10. exd4 Nd5 11. Nc3 0-0 12. Qe4 Ncb4 13. Ne5 b6 14. Qg4 Bb7 15. Bh6 Bf6 16. Ne4 Kh8 17. Bg5 Rc8 18. Ra3 Rc7 19. Rh3 Bxg5 20. Nxg5 Nf6 21. Bxe6 Nxg4 22. Ng6+ Kg8 23. Rxh7 1-0

[Event "Ljubljana op 5th"]
[Site "Ljubljana"]
[Date "1994.??.??"]
[Round "?"]
[White "Sitnik, Igor"]
[Black "Lampic, Gorazd"]
[Result "1-0"]
[WhiteElo "2215"]
[BlackElo "2030"]
[PlyCount "90"]
[EventDate "1994.06.??"]
[EventType "swiss"]
[EventRounds "9"]
[EventCountry "SLO"]
[SourceTitle "TD"]
[Source "ChessBase"]
[SourceDate "1994.03.01"]
[SourceVersion "1"]
[SourceVersionDate "1994.03.01"]
[SourceQuality "1"]

1. d4 Nf6 2. c4 g6 3. Nc3 Bg7 4. e4 d6 5. Nf3 0-0 6. h3 e5 7. d5 Na6 8. Bg5 Qe8 9. g4 Nc5 10. Nd2 a6 11. Qf3 Qe7 12. Be2 c6 13. Nf1 h6 14. Bh4 g5 15. Bg3 cxd5 16. cxd5 h5 17. gxh5 g4 18. hxg4 Nxg4 19. Bh4 Bf6 20. Bxf6 Nxf6 21. Ng3 Bg4 22. Qd3 Kh7 23. 0-0-0 b5 24. Rdg1 b4 25. Nd1 Rac8 26. Kb1 Qc7 27. Bxg4 Nxg4 28. Qf3 Nd3 29. Nc3 bxc3 30. Qxd3 Rb8 31. b3 Nxf2 32. Qf3 c2+ 33. Kc1 Qc5 34. Rf1 Ng4 35. Nf5 Rg8 36. Ne7 Qa3+ 37. Kd2 Qb4+ 38. Kxc2 Rbc8+ 39. Kb1 Qd2 40. Qxf7+ Rg7 41. Qf5+ Kh6 42. Qxc8 Rxe7 43. Qc1 Qxc1+ 44. Kxc1 a5 45. Rhg1 Kg5 1-0